00371pab a2200133 454500008004000000100002300040245007300063260000900136300001400145362000800159650001800167700001800185773003400203180718b2002 xxu||||| |||| 00| 0 eng d aFeldman, Martha S. aOrganizational routines as sources of connections and understandings c2002 ap.309-31. aMay aOrganizations aRafaeli, Anat aJournal of Management Studies